000 00384cam a2200157ua 4500
041 _amal
_h
082 _a894.812308
_bKAS/AS
100 _aVasudevan Nair, M T.
245 _aAsuravithu /
_cM T Vasudevan Nair.
_hTextual Documents
260 _aThrissur :
_bCurrent Books ,
_c1960.
300 _a464 ; .
504 _a
942 _cBK
999 _c4555
_d4555